Famous Spanish People - Statistics

General Stats
  • This quiz has been taken 77 times
  • The average score is 11 of 15
Answer Stats
Clue Person % Correct
Influential artist; co-founded the 'Cubist' movement Pablo Picasso
96%
General who lead the Nationalist forces during the Spanish Civil War Francisco Franco
94%
Surrealist renowned for his technical skill and bizarre artworks Salvador Dalí
91%
One of the greatest professional tennis players in the world Rafael Nadal
88%
One of Spain's greatest writers; wrote 'Don Quixote' Miguel de Cervantes
85%
Recognised as the most commercially successful Spanish singer in the world Julio Iglesias
82%
Conquistador who led an expedition that caused the fall of the Aztec Empire Hernán Cortés
79%
Actress whose had major success in the American entertainment industry Penélope Cruz
78%
Voice of Puss In Boots Antonio Banderas
72%
His marriage with Isabella I dynastically unified the Spanish state Ferdinand II
69%
Castilian knight and warlord during Muslim rule in Spain El Cid
60%
Conquistador who became one of the first Europeans to reach the Pacific Ocean Francisco Pizarro
58%
Leading artist during the Spanish Golden Age Diego Velázquez
57%
Considered one of the greatest midfielders of all time Andrés Iniesta
43%
Carmelite nun who was a mystic and author of spiritual writings and poems Teresa of Ávila
30%
No matching quizzes found
Score Distribution
Percent of People with Each Score
Percentile by Number Answered
Your Score History
You have not taken this quiz